| 000 | 00756 a2200277 4500 | ||
|---|---|---|---|
| 260 | _aParis | ||
| 630 | _a91 - Geographie. Exploration de la terre, des diverses regions, des divers pays. Voyages. Geographie regionale | ||
| 650 | _a9 - GEOGRAPHIE ET HISTOIRE | ||
| 100 | _aDe laRochefoucauld, B. | ||
| 260 | _bDunod | ||
| 245 | _aL'Abondance foncière : une attitude industrielle appliquée à l'espace | ||
| 300 | _a182 p. | ||
| 650 | _aAménagement du territoire | ||
| 650 | _aPropriété foncière | ||
| 650 | _aTerrain | ||
| 650 | _aSol | ||
| 260 | _c1982 | ||
| 300 | _b21 cm | ||
| 100 | _lFr | ||
| 440 | _aAspects de l'urbanisme | ||
| 037 | _aL3951 | ||
| 037 | _aL3952 | ||
| 020 | _a2-04-015452-3 | ||
| 999 |
_c35513 _d35513 |
||